| 000 | 01504nam a2200361 c 4500 | ||
|---|---|---|---|
| 003 | BLK | ||
| 005 | 20250620145946.0 | ||
| 008 | 180408b bul|||||r ||||||| ||bul|| | ||
| 010 | _aKNG00083816000 | ||
| 020 |
_a954-18-0160-9 _bиздат.: Булвест 2000 |
||
| 040 | _aBLK | ||
| 041 |
_aBUL _cBUL |
||
| 080 |
_aБиологични науки _b57 _x(079)(075.4) _z57(079)(075.4) |
||
| 100 | 1 |
_aСлавчева, Мария _eпърви автор _9259180 |
|
| 139 |
_aСлавчева, Мария _bС 44 |
||
| 245 | 1 | 0 |
_aТестове по биология за ученици, учители и кандидат-студенти _bВърху материала от ІХ кл. : За ученици, учители и кандидат-студенти _cМария Славчева. |
| 257 | _aBGR | ||
| 260 |
_аСофия _bБулвест 2000 _c1999 _fПловдив : Полиграфия |
||
| 300 |
_a240 с. _c21 см |
||
| 380 | _a5 | ||
| 500 | _aОфс. изд. - 3 100 тир. - Библиогр. с. 238. | ||
| 650 | 4 |
_aБиология - тестове - учебни помагала _9241798 |
|
| 653 | _aбиология | ||
| 653 | _aтестове | ||
| 653 | _aкандидатстудентски изпити | ||
| 653 | _aучебни помагала | ||
| 852 | _aЦб 214780 | ||
| 856 | 4 |
_qpdf _u |
|
| 856 | 4 |
_qpdf _u |
|
| 942 |
_cKNG _n0 _05 |
||
| 944 |
_aCR _c20.05.2008 _lМинев Младен _k30530 |
||
| 944 |
_aED _c09.02.2012 _lф / _k |
||
| 999 |
_c79342 _d79342 |
||